JD Supra Hong Kong

Detalles Bibliográficos
Formato: eBook
Lenguaje:inglés
Publicado: Hong Kong: JD Supra, 2019
Materias:
Acceso en línea:Acceso restringido

MARC

LEADER 00000nam a22000007a 4500
005 20190529130851.0
007 cr|||| ||||
008 190529s2019 hk |||||s|||| 00||0 eng d
035 |a 23502 
040 |a vLex 
090 |c 8829  |d 8829 
245 0 0 |a JD Supra Hong Kong  |h [Recurso electrn̤ico] / 
256 |a Servicio en ln̕ea 
260 |a Hong Kong:  |b JD Supra,  |c 2019 
300 |a 1 recurso electrn̤ico 
506 1 |a Disponible solo en los productos indicados  |d vLex Global  |d vLex Global (Academic Edition, excluding Law Schools)  |d vLex Global (U.S. Academic Edition, Law Schools)  |d vLex Global (U.S. Academic Edition, excluding Law Schools)  |d vLex Global (Academic Edition, Law Schools) 
650 0 4 |a Administracin̤ (Management)  |z China 
740 0 |a vLex Libros (Servicio en ln̕ea) 
856 4 0 |u http://vlex.com/source/23502  |z Acceso restringido 
942 |c BOOK 
999 0 |a Business Administration